Statistics for 云南省地图 Yunnan Map Quiz

Click here to take the quiz!

General Stats

  • This quiz has been taken 1 337 times
  • The average score is 12 of 16

Answers on the Map

Answers color-coded by a green-red scale on the quiz's map according to % correct below.
 

Answer Stats

区划% Correct
昆明市
99%
大理白族自治州
95%
西双版纳傣族自治州
92%
丽江市
85%
红河哈尼族彝族自治州
75%
怒江傈僳族自治州
72%
昭通市
71%
普洱市
70%
曲靖市
68%
楚雄彝族自治州
67%
保山市
64%
玉溪市
62%
迪庆藏族自治州
62%
德宏傣族景颇族自治州
61%
文山壮族苗族自治州
57%
临沧市
54%

Score Distribution

Percentile by Number Answered

Percent of People with Each Score

Your Score History

You have not taken this quiz